00671nam a22002291 450000100060000000300080000600500170001400800390003103500190007004000270008904100080011608200210012410000280014524500680017326000370024130000190027849000380029750400200033565000220035565100410037770000230041826679BD-RjUL20211209051042.0140323s1961 nyu 001 0 eng a(BD-RjUL)26749 aDLCcDLCdBD-RjULbeng aeng00a951.04bSNR 19611 aSnow, Edgard1905-1972.10aRed star over China /cEdgar Snow, Introd. by John K. Fairbank. aNew York :bGrove Press,cc1961. a529 p.c18 cm. aAn Evergreen Black cat book, BD-8 aIncludes index. 0aCommunismzChina. 0aChinaxHistoryyRepublic, 1912-1949.1 aFairbank, John K.